[Event "Level op 7th"]
[Site "Level"]
[Date "2019.05.11"]
[Round "4"]
[White "Frank, Jozsef"]
[Black "Kocsis, Tihamer"]
[Result "0-1"]
[WhiteElo "1917"]
[BlackElo "1755"]
[PlyCount "82"]
[EventDate "2019.05.10"]
[EventType "swiss"]
[EventRounds "7"]
[EventCountry "HUN"]
[SourceTitle "EXT 2021"]
[Source "ChessBase"]
[SourceDate "2020.10.23"]
[SourceVersion "1"]
[SourceVersionDate "2020.10.23"]
[SourceQuality "1"]

1. d4 d5 2. Nf3 Nf6 3. g3 Bf5 4. Bg2 c6 5. 0-0 e6 6. b3 Nbd7 7. Bb2 Bd6 8. Nbd2 Ne4 9. Nh4 Nxd2 10. Nxf5 exf5 11. Qxd2 0-0 12. c4 dxc4 13. bxc4 Nf6 14. Qg5 g6 15. d5 Ne4 16. Qh6 f6 17. dxc6 bxc6 18. Rad1 Qc7 19. Qh4 Rab8 20. Bd4 Rbe8 21. c5 Bxc5 22. Bxc5 Nxc5 23. Rc1 Ne4 24. Rc4 Re5 25. Rfc1 c5 26. Bxe4 g5 27. Qh3 fxe4 28. Qg4 Qe7 29. f4 exf3 30. e4 f5 31. Qxf3 fxe4 32. Qb3 Kg7 33. Qb2 Kg6 34. Qa3 Rff5 35. Qa6+ Re6 36. Qa5 e3 37. Re1 e2 38. Qd2 Qf6 39. Rxe2 Rf1+ 40. Kg2 Qf3+ 41. Kh3 Qxe2 0-1

[Event "Level op 7th"]
[Site "Level"]
[Date "2019.05.10"]
[Round "2"]
[White "Frank, Jozsef"]
[Black "Toth, Lili1111"]
[Result "1/2-1/2"]
[WhiteElo "1917"]
[BlackElo "1464"]
[PlyCount "77"]
[EventDate "2019.05.10"]
[EventType "swiss"]
[EventRounds "7"]
[EventCountry "HUN"]
[SourceTitle "EXT 2021"]
[Source "ChessBase"]
[SourceDate "2020.10.23"]
[SourceVersion "1"]
[SourceVersionDate "2020.10.23"]
[SourceQuality "1"]

1. d4 Nf6 2. Nf3 e6 3. g3 d5 4. Bg2 c5 5. 0-0 Nc6 6. b3 cxd4 7. Nxd4 Bc5 8. Bb2 0-0 9. c4 Nxd4 10. Bxd4 Bxd4 11. Qxd4 dxc4 12. Qxc4 Rb8 13. Nc3 b6 14. Rfd1 Qe7 15. Rd2 Bb7 16. Qh4 Bxg2 17. Kxg2 Qe8 18. Kg1 Rc8 19. Ne4 Nxe4 20. Qxe4 Qc6 21. Qxc6 Rxc6 22. Rad1 h6 23. e3 a5 24. Kf1 Rfc8 25. Ke2 Kf8 26. Rd8+ Rxd8 27. Rxd8+ Ke7 28. Rd3 Rc2+ 29. Rd2 Rxd2+ 30. Kxd2 Kd6 31. Kc3 Kc5 32. f3 e5 33. a3 b5 34. g4 g5 35. b4+ axb4+ 36. axb4+ Kd6 37. Kd2 Ke6 38. Kd3 Kd5 39. e4+ 1/2-1/2

[Event "HUN-chT2 Maroczy 1819"]
[Site "Hungary"]
[Date "2019.02.10"]
[Round "7.10"]
[White "Frank, Jozsef"]
[Black "Morvay, Miklos"]
[Result "1/2-1/2"]
[WhiteElo "1899"]
[BlackElo "2206"]
[PlyCount "30"]
[EventDate "2018.09.23"]
[EventType "team-tourn"]
[EventRounds "11"]
[EventCountry "HUN"]
[SourceTitle "EXT 2020"]
[Source "ChessBase"]
[SourceDate "2019.10.17"]
[SourceVersion "1"]
[SourceVersionDate "2019.10.17"]
[SourceQuality "1"]
[WhiteTeam "Dunaharaszti II"]
[BlackTeam "Kobanya Aquarena II"]
[WhiteTeamCountry "HUN"]
[BlackTeamCountry "HUN"]

1. d4 Nf6 2. Nf3 c5 3. g3 cxd4 4. Nxd4 e5 5. Nb3 d5 6. Bg2 h6 7. 0-0 Nc6 8. c4 Be6 9. cxd5 Nxd5 10. Nc3 Nxc3 11. Bxc6+ bxc6 12. Qxd8+ Kxd8 13. bxc3 a5 14. Be3 a4 15. Nc5 Bxc5 1/2-1/2

[Event "HUN-chT2 Maroczy 1819"]
[Site "Hungary"]
[Date "2018.10.07"]
[Round "2.12"]
[White "Frank, Jozsef"]
[Black "Kis, Bela"]
[Result "0-1"]
[WhiteElo "1899"]
[BlackElo "2054"]
[PlyCount "136"]
[EventDate "2018.09.23"]
[EventType "team-tourn"]
[EventRounds "11"]
[EventCountry "HUN"]
[SourceTitle "EXT 2020"]
[Source "ChessBase"]
[SourceDate "2019.10.17"]
[SourceVersion "1"]
[SourceVersionDate "2019.10.17"]
[SourceQuality "1"]
[WhiteTeam "Dunaharaszti II"]
[BlackTeam "Budapest Vasas"]
[WhiteTeamCountry "HUN"]
[BlackTeamCountry "HUN"]

1. d4 Nf6 2. Nf3 g6 3. g3 Bg7 4. Bg2 0-0 5. 0-0 d5 6. c3 b6 7. Bg5 Bb7 8. Nbd2 Nbd7 9. Re1 c5 10. Bxf6 Nxf6 11. e3 Qc7 12. Ne5 Rad8 13. Qb3 Nd7 14. Nxd7 Rxd7 15. a4 e5 16. dxe5 Qxe5 17. a5 Qe6 18. axb6 axb6 19. Ra7 Rfd8 20. Rea1 Be5 21. e4 Bb8 22. exd5 Qe2 23. Rxb7 Rxb7 24. Ne4 Ra7 25. Rf1 Ra6 26. Rb1 Be5 27. d6 Qd3 28. Rd1 c4 29. Rxd3 cxb3 30. Rd5 Ra1+ 31. Bf1 f5 32. Rxe5 fxe4 33. Rxe4 Rxd6 34. Kg2 Rb1 35. Bc4+ Kf8 36. Re2 Rbd1 37. Bxb3 R1d2 38. Kf3 R6d3+ 39. Re3 Rxe3+ 40. Kxe3 Rxb2 41. Bd5 Ke7 42. h4 Kd6 43. Bg8 h6 44. Bf7 Rc2 45. c4 g5 46. hxg5 hxg5 47. f4 g4 48. Bh5 Rg2 49. Bxg4 Rxg3+ 50. Bf3 Kc5 51. Kf2 Rh3 52. Be2 Kd4 53. Bf1 Ra3 54. Be2 Ke4 55. f5 Kxf5 56. Bf3 Kf4 57. Bd5 Ra2+ 58. Ke1 Ke3 59. Kd1 Rd2+ 60. Kc1 b5 61. Bf7 Rf2 62. Be6 b4 63. c5 Kd3 64. c6 Rc2+ 65. Kb1 Rxc6 66. Bg8 Kc3 67. Bh7 b3 68. Bf5 Ra6 0-1

[Event "HUN-chT2 Maroczy 1718"]
[Site "Hungary"]
[Date "2017.11.26"]
[Round "2.12"]
[White "Majoros, Rozsa Evelin"]
[Black "Frank, Jozsef"]
[Result "1/2-1/2"]
[WhiteElo "1919"]
[BlackElo "1914"]
[PlyCount "82"]
[EventDate "2017.10.29"]
[EventType "team-tourn"]
[EventRounds "9"]
[EventCountry "HUN"]
[SourceTitle "EXT 2021"]
[Source "ChessBase"]
[SourceDate "2020.10.23"]
[SourceVersion "1"]
[SourceVersionDate "2020.10.23"]
[SourceQuality "1"]
[WhiteTeam "Taban Spartacus"]
[BlackTeam "Dunaharaszti II"]
[WhiteTeamCountry "HUN"]
[BlackTeamCountry "HUN"]

1. e4 e6 2. d4 d5 3. Nc3 dxe4 4. Nxe4 Nf6 5. Nxf6+ Qxf6 6. Nf3 h6 7. Bd3 Bd6 8. Bd2 Bd7 9. Bc3 Qe7 10. Ne5 Bxe5 11. dxe5 Bc6 12. Qd2 Qg5 13. 0-0-0 Qxd2+ 14. Rxd2 Nd7 15. f3 0-0-0 16. Rhd1 h5 17. Be2 g6 18. b4 a6 19. a3 Bb5 20. Bd4 Bxe2 21. Rxe2 Nb8 22. c4 Rd7 23. Red2 Rhd8 24. Bc3 Rxd2 25. Rxd2 Rxd2 26. Kxd2 Kd7 27. Kd3 Kc6 28. Kd4 b5 29. c5 Kb7 30. Ke4 Nc6 31. Kf4 Ne7 32. Kg5 Nd5 33. Bd2 Kc6 34. g4 hxg4 35. fxg4 Kd7 36. h4 Ke7 37. h5 gxh5 38. gxh5 Kf8 39. Kh6 Kg8 40. Kg5 Kg7 41. Bc1 Kh7 1/2-1/2

[Event "HUN-chT4 1617"]
[Site "Hungary"]
[Date "2017.03.19"]
[Round "6.4"]
[White "Frank, Jozsef"]
[Black "Schmikli, Laszlo"]
[Result "1-0"]
[WhiteElo "2051"]
[BlackElo "2181"]
[PlyCount "85"]
[EventDate "2016.10.02"]
[EventType "team-tourn"]
[EventRounds "7"]
[EventCountry "HUN"]
[SourceTitle "EXT 2019"]
[Source "ChessBase"]
[SourceDate "2018.10.10"]
[SourceVersion "1"]
[SourceVersionDate "2018.10.10"]
[SourceQuality "1"]

1. e4 c6 2. d4 d6 3. f4 g6 4. Nf3 Bg7 5. c3 Nd7 6. Bd3 Qb6 7. Qb3 Qc7 8. 0-0 Ngf6 9. Bc4 d5 10. exd5 b5 11. dxc6 bxc4 12. cxd7+ Bxd7 13. Qa3 0-0 14. Qxe7 Rfe8 15. Qc5 Qxc5 16. dxc5 Bf8 17. b4 cxb3 18. axb3 Bxc5+ 19. Kh1 Ne4 20. Ba3 Bb6 21. Nd4 Rac8 22. Bb4 Bxd4 23. cxd4 Bb5 24. Re1 Rc2 25. Na3 Rb2 26. Nxb5 Rxb3 27. Reb1 Rd3 28. g3 h5 29. Ra3 Rb8 30. Rxd3 Nf2+ 31. Kg2 Nxd3 32. Bd6 Rb7 33. Na3 Rd7 34. Be5 g5 35. Rb8+ Kh7 36. Rh8+ Kg6 37. Rg8+ Kf5 38. Rxg5+ Ke4 39. Rxh5 Rb7 40. Nc4 Rb4 41. Nd6+ Ke3 42. d5 Ne1+ 43. Kh3 1-0

[Event "HUN-chT2 Szechenyi 1516"]
[Site "Hungary"]
[Date "2016.04.03"]
[Round "10.5"]
[White "Kutas, Lajos Jr"]
[Black "Frank, Jozsef"]
[Result "1-0"]
[WhiteElo "1783"]
[BlackElo "2089"]
[PlyCount "90"]
[EventDate "2015.09.13"]
[EventType "team-tourn"]
[EventRounds "11"]
[EventCountry "HUN"]
[SourceTitle "EXT 2017"]
[Source "ChessBase"]
[SourceDate "2016.10.25"]
[SourceVersion "1"]
[SourceVersionDate "2016.10.25"]
[SourceQuality "1"]
[WhiteTeam "Szechenyi ESE"]
[BlackTeam "Gyor Elektromos"]
[WhiteTeamCountry "HUN"]
[BlackTeamCountry "HUN"]

1. e4 e5 2. Nf3 d6 3. d4 Qe7 4. dxe5 dxe5 5. Nc3 c6 6. Bc4 Bg4 7. Be3 Nf6 8. h3 Bh5 9. 0-0 Nbd7 10. Qe2 Qb4 11. Bd2 Qb6 12. a3 Be7 13. b4 0-0 14. Bd3 Rfe8 15. g4 Bg6 16. Nh4 Nf8 17. Rae1 a5 18. bxa5 Rxa5 19. Rb1 Qc7 20. a4 Raa8 21. Nf5 Ne6 22. Nxe7+ Qxe7 23. Qf3 Nd7 24. Rxb7 Qd6 25. Rd1 Nd4 26. Qe3 Nc5 27. Rb2 Nxa4 28. Nxa4 Rxa4 29. c3 Ne6 30. Bc2 Raa8 31. Qf3 Qe7 32. Be3 h6 33. Rb6 Rec8 34. Rdb1 Ng5 35. Bxg5 Qxg5 36. Rb7 h5 37. Bb3 Rf8 38. Kh2 Rad8 39. Rd1 Rxd1 40. Bxd1 hxg4 41. hxg4 Qd2 42. Rc7 Qd6 43. Rb7 c5 44. Bb3 Rb8 45. Bxf7+ Kh8 1-0

[Event "HUN-chT2 Maroczy 1516"]
[Site "Hungary"]
[Date "2016.03.20"]
[Round "7.11"]
[White "Ongut, Tamas Gunes"]
[Black "Frank, Jozsef"]
[Result "0-1"]
[WhiteElo "1897"]
[BlackElo "1976"]
[PlyCount "80"]
[EventDate "2015.10.18"]
[EventType "team-tourn"]
[EventRounds "9"]
[EventCountry "HUN"]
[SourceTitle "EXT 2017"]
[Source "ChessBase"]
[SourceDate "2016.10.25"]
[SourceVersion "1"]
[SourceVersionDate "2016.10.25"]
[SourceQuality "1"]
[WhiteTeam "Magyar Sakkvilag"]
[BlackTeam "Dunaharaszti II"]
[WhiteTeamCountry "HUN"]
[BlackTeamCountry "HUN"]

1. e4 e6 2. d4 d5 3. Nc3 dxe4 4. Nxe4 Nf6 5. Nxf6+ Qxf6 6. Nf3 h6 7. Bd3 Bd6 8. 0-0 Bd7 9. Re1 Bc6 10. Ne5 Bxe5 11. dxe5 Qh4 12. c3 Nd7 13. b4 b6 14. f4 a5 15. Be3 Qe7 16. a3 axb4 17. cxb4 Bd5 18. Bc2 c5 19. Ba4 Rc8 20. Rc1 0-0 21. f5 Nxe5 22. Bxh6 gxh6 23. Rxe5 Qg5 24. Rxd5 exd5 25. Rc3 Qf6 26. Qc1 Kh7 27. Rh3 cxb4 28. Bc2 Rc3 29. Rxc3 bxc3 30. Qd1 d4 31. h4 Rd8 32. Qd3 Kg8 33. g3 Re8 34. Qf3 Re3 35. Qf4 Qe5 36. Qxe5 Rxe5 37. Kf2 Rb5 38. Ke2 Rb2 39. Kd3 Rxc2 40. Kxc2 h5 0-1

[Event "Level op-A 4th"]
[Site "Level"]
[Date "2016.03.13"]
[Round "4"]
[White "Frank, Jozsef"]
[Black "Finszter, Mate"]
[Result "0-1"]
[WhiteElo "2105"]
[BlackElo "2222"]
[PlyCount "72"]
[EventDate "2016.03.11"]
[EventType "swiss"]
[EventRounds "7"]
[EventCountry "HUN"]
[SourceTitle "EXT 2017"]
[Source "ChessBase"]
[SourceDate "2016.10.25"]
[SourceVersion "1"]
[SourceVersionDate "2016.10.25"]
[SourceQuality "1"]

1. e4 c6 2. d4 d5 3. exd5 cxd5 4. c4 Nf6 5. Nc3 Nc6 6. Nf3 g6 7. cxd5 Nxd5 8. Bb5 Bg7 9. Qa4 Qd6 10. 0-0 Nxc3 11. bxc3 0-0 12. Ba3 Qc7 13. Rfe1 Bf6 14. Rad1 Bg4 15. Rd3 Bxf3 16. Rxf3 a6 17. Bxc6 bxc6 18. Rxf6 exf6 19. Bxf8 Kxf8 20. Qb4+ Kg7 21. Re7 Qd8 22. h3 Rb8 23. Rb7 Rc8 24. Qc4 Qd5 25. Qxa6 Re8 26. Rb1 f5 27. Qa3 f4 28. Qb3 Qf5 29. c4 f3 30. d5 cxd5 31. cxd5 fxg2 32. Rd1 Re2 33. Qg3 Qc2 34. Qd3 Re1+ 35. Kxg2 Qxd1 36. Qc3+ Kh6 0-1

[Event "Level op-A 4th"]
[Site "Level"]
[Date "2016.03.12"]
[Round "2"]
[White "Frank, Jozsef"]
[Black "Kiraly, Barnabas"]
[Result "1-0"]
[WhiteElo "2105"]
[BlackElo "1555"]
[PlyCount "119"]
[EventDate "2016.03.11"]
[EventType "swiss"]
[EventRounds "7"]
[EventCountry "HUN"]
[SourceTitle "EXT 2017"]
[Source "ChessBase"]
[SourceDate "2016.10.25"]
[SourceVersion "1"]
[SourceVersionDate "2016.10.25"]
[SourceQuality "1"]

1. e4 e5 2. Nc3 Nc6 3. Bc4 Bc5 4. d3 d6 5. Na4 Bb6 6. Nxb6 axb6 7. c3 Nf6 8. Bg5 h6 9. Bh4 Na5 10. Bb5+ Nc6 11. h3 Bd7 12. Qf3 Be6 13. Bxf6 Qxf6 14. Qxf6 gxf6 15. a3 f5 16. exf5 Bxf5 17. Ne2 Ke7 18. Bxc6 bxc6 19. 0-0-0 c5 20. Rhe1 Ra4 21. d4 f6 22. f4 cxd4 23. Nxd4 Bd7 24. fxe5 fxe5 25. g4 Rf8 26. Rd3 Raa8 27. Rg3 Rf4 28. Nc2 Rg8 29. Ne3 c6 30. Reg1 Rf7 31. h4 d5 32. g5 hxg5 33. hxg5 b5 34. Nc2 c5 35. Ne1 d4 36. Nd3 Kd6 37. cxd4 cxd4 38. g6 Rfg7 39. Rg5 e4 40. Nb4 Bc6 41. Nc2 d3 42. Ne3 Bd7 43. Kd2 Re8 44. Kc3 Re5 45. Kd4 Rxg5 46. Rxg5 d2 47. Kc3 d1Q 48. Nxd1 Be8 49. Kd4 Rxg6 50. Rxg6+ Bxg6 51. Nc3 Kc6 52. Nxe4 Bxe4 53. Kxe4 Kd6 54. Kd4 Kc6 55. Kc3 Kc5 56. Kb3 Kc6 57. Kb4 Kb6 58. b3 Kc6 59. Ka5 Kc5 60. b4+ 1-0

[Event "Level op-A 4th"]
[Site "Level"]
[Date "2016.03.12"]
[Round "3"]
[White "Prokai, Robert"]
[Black "Frank, Jozsef"]
[Result "0-1"]
[WhiteElo "1343"]
[BlackElo "2105"]
[PlyCount "46"]
[EventDate "2016.03.11"]
[EventType "swiss"]
[EventRounds "7"]
[EventCountry "HUN"]
[SourceTitle "EXT 2017"]
[Source "ChessBase"]
[SourceDate "2016.10.25"]
[SourceVersion "1"]
[SourceVersionDate "2016.10.25"]
[SourceQuality "1"]

1. e4 c5 2. f4 Nc6 3. Nf3 e6 4. c3 d5 5. e5 d4 6. Bb5 Bd7 7. d3 Nge7 8. c4 a6 9. Bxc6 Bxc6 10. 0-0 Nf5 11. Qe1 h5 12. Ng5 Be7 13. Ne4 Rh6 14. Qe2 b5 15. b3 h4 16. Rf2 Rg6 17. Nbd2 Qd7 18. Nf3 Bxe4 19. Qxe4 Rb8 20. Qe1 Qc6 21. Nd2 h3 22. Ne4 hxg2 23. Rxg2 Nh4 0-1

[Event "HUN-chT2 Szechenyi 1516"]
[Site "Hungary"]
[Date "2016.02.28"]
[Round "8.5"]
[White "Foki, Robert"]
[Black "Frank, Jozsef"]
[Result "1-0"]
[WhiteElo "1812"]
[BlackElo "2089"]
[PlyCount "115"]
[EventDate "2015.09.13"]
[EventType "team-tourn"]
[EventRounds "11"]
[EventCountry "HUN"]
[SourceTitle "EXT 2017"]
[Source "ChessBase"]
[SourceDate "2016.10.25"]
[SourceVersion "1"]
[SourceVersionDate "2016.10.25"]
[SourceQuality "1"]
[WhiteTeam "Arboretum"]
[BlackTeam "Gyor Elektromos"]
[WhiteTeamCountry "HUN"]
[BlackTeamCountry "HUN"]

1. d4 Nf6 2. Nf3 b6 3. c4 Bb7 4. e3 g6 5. Be2 Bg7 6. 0-0 0-0 7. Nc3 d6 8. Qc2 Nbd7 9. Nd2 Rc8 10. Bf3 Bxf3 11. Nxf3 Re8 12. e4 e5 13. d5 Rf8 14. Qa4 Nc5 15. Qc2 a5 16. Bg5 h6 17. Bxf6 Bxf6 18. Nb5 Bg5 19. Rfe1 f5 20. Nc3 Rf7 21. a3 a4 22. exf5 gxf5 23. Nxa4 Bf6 24. Nxc5 bxc5 25. Qxf5 Bg7 26. Qg4 Rb8 27. Rab1 Kh8 28. Re4 Qf6 29. b4 cxb4 30. axb4 Rg8 31. Qh4 Qg6 32. Qg4 Qh7 33. Rbe1 Bf8 34. Qh3 Rfg7 35. g3 Rf7 36. Qg2 Qf5 37. Nh4 Qf6 38. f4 exf4 39. Rxf4 Qc3 40. Rxf7 Qxe1+ 41. Qf1 Qe3+ 42. Kg2 Qe4+ 43. Nf3 Bg7 44. Rf4 Qc2+ 45. Qf2 Qb1 46. b5 Ra8 47. Qe3 Qg6 48. Nh4 Qh5 49. Qe4 Ra2+ 50. Rf2 Rxf2+ 51. Kxf2 Qd1 52. Kg2 h5 53. Ng6+ Kg8 54. Nf4 Qd2+ 55. Kh3 Qf2 56. Qe8+ Bf8 57. Qg6+ Bg7 58. Nxh5 1-0

[Event "HUN-chT2 Szechenyi 1516"]
[Site "Hungary"]
[Date "2015.10.18"]
[Round "3.4"]
[White "Frank, Jozsef"]
[Black "Toth, Daniel"]
[Result "1-0"]
[WhiteElo "2089"]
[BlackElo "2155"]
[PlyCount "72"]
[EventDate "2015.09.13"]
[EventType "team-tourn"]
[EventRounds "11"]
[EventCountry "HUN"]
[SourceTitle "CBM 170 Extra"]
[Source "ChessBase"]
[SourceDate "2016.02.25"]
[SourceVersion "1"]
[SourceVersionDate "2016.02.25"]
[SourceQuality "1"]
[WhiteTeam "Gyor Elektromos"]
[BlackTeam "Keszthely Spartacus"]
[WhiteTeamCountry "HUN"]
[BlackTeamCountry "HUN"]

1. e4 Nf6 2. Nc3 d5 3. e5 Nfd7 4. d4 e6 5. f4 c5 6. Nf3 Nc6 7. Ne2 cxd4 8. Nexd4 Bc5 9. c3 Qb6 10. b4 Bxd4 11. Nxd4 Nxd4 12. Qxd4 Qxd4 13. cxd4 Nb6 14. a4 Bd7 15. b5 0-0 16. Bd3 Rfc8 17. Bd2 Nc4 18. Ke2 a6 19. bxa6 bxa6 20. Rhb1 Rab8 21. g4 Rxb1 22. Bxb1 Nxd2 23. Kxd2 Rc4 24. Bd3 Rxd4 25. Ke3 Rxa4 26. Rxa4 Bxa4 27. Bxa6 Bd1 28. h3 h5 29. gxh5 Kh7 30. f5 exf5 31. Bb7 Bb3 32. Kf4 Kh6 33. Kxf5 Kxh5 34. Kf4 Kh4 35. Bc8 g6 36. Ke3 Kg3 1-0

[Event "Budapest Art Pub Cup 8th"]
[Site "Budapest"]
[Date "2015.07.12"]
[Round "7"]
[White "Fodor, Balazs"]
[Black "Frank, Jozsef"]
[Result "1/2-1/2"]
[WhiteElo "1950"]
[BlackElo "1917"]
[PlyCount "142"]
[EventDate "2015.07.09"]
[EventType "swiss"]
[EventRounds "7"]
[EventCountry "HUN"]
[SourceTitle "CBM 167 Extra"]
[Source "ChessBase"]
[SourceDate "2015.09.14"]
[SourceVersion "1"]
[SourceVersionDate "2015.09.14"]
[SourceQuality "1"]

1. d4 d5 2. c4 c6 3. Nc3 Nf6 4. Nf3 g6 5. Bf4 Bg7 6. e3 0-0 7. Rc1 Bg4 8. h3 Bxf3 9. Qxf3 Qa5 10. Bd3 Nbd7 11. 0-0 dxc4 12. Bxc4 e5 13. dxe5 Nxe5 14. Qe2 Nxc4 15. Qxc4 Rad8 16. b4 Qf5 17. Rfd1 Qc8 18. Be5 Rxd1+ 19. Rxd1 Rd8 20. Bd4 a6 21. a4 b5 22. Qb3 Ne8 23. Ne2 Nc7 24. Rc1 Ne6 25. Bxg7 Kxg7 26. axb5 axb5 27. Qc3+ Kg8 28. Ng3 f5 29. h4 Rd6 30. h5 Qd7 31. Kh2 Qg7 32. Qb3 Qf7 33. hxg6 hxg6 34. Qa3 Nc7 35. Qa7 Kg7 36. Qc5 Qd7 37. e4 fxe4 38. Nxe4 Re6 39. Qc3+ Kh6 40. Qh8+ Qh7 41. Qf8+ Qg7 42. Qf4+ g5 43. Qg4 Qe5+ 44. Ng3 Qf4 45. Qxf4 gxf4 46. Nf5+ Kg5 47. Nd4 Rh6+ 48. Kg1 Rd6 49. Nxc6 Na6 50. Na7 Nxb4 51. Nxb5 Rc6 52. Rd1 Rc5 53. Nd4 Rd5 54. Nf3+ Kf6 55. Rb1 Nd3 56. Kf1 Nc5 57. Ke2 Ne4 58. Rc1 Rc5 59. Rg1 Rb5 60. Nd4 Rb2+ 61. Kf3 Nxf2 62. Kxf4 Nd3+ 63. Ke3 Nc5 64. g4 Kg6 65. Rc1 Nd7 66. Nf3 Rb3+ 67. Kf4 Rb4+ 68. Kg3 Nf6 69. Nh4+ Kf7 70. Rc7+ Ke8 71. g5 Rg4+ 1/2-1/2

[Event "HUN-chT2 Charousek 1415"]
[Site "Hungary"]
[Date "2014.11.30"]
[Round "3"]
[White "Frank, Jozsef"]
[Black "Papp, Tamas"]
[Result "0-1"]
[WhiteElo "2086"]
[BlackElo "2239"]
[PlyCount "44"]
[EventDate "2014.10.12"]
[EventType "team-tourn"]
[EventRounds "9"]
[EventCountry "HUN"]
[SourceTitle "EXT 2016"]
[Source "ChessBase"]
[SourceDate "2015.10.08"]
[SourceVersion "1"]
[SourceVersionDate "2015.10.08"]
[SourceQuality "1"]
[WhiteTeam "Gyor Elektromos"]
[BlackTeam "Decs"]
[WhiteTeamCountry "HUN"]
[BlackTeamCountry "HUN"]

1. e4 c5 2. c3 g6 3. d4 cxd4 4. cxd4 d5 5. e5 Nc6 6. Nc3 Bg7 7. Bb5 Nh6 8. Nf3 Bg4 9. h3 Bxf3 10. Qxf3 Nf5 11. Be3 0-0 12. g4 Nfxd4 13. Qxd5 Qxd5 14. Nxd5 Nxb5 15. f4 Rfd8 16. Nc3 Nxc3 17. bxc3 g5 18. Rb1 b6 19. Rb5 gxf4 20. Bxf4 Rd3 21. c4 Rad8 22. Kf2 Nd4 0-1

[Event "Gyor op-A 5th"]
[Site "Gyor"]
[Date "2014.07.09"]
[Round "1"]
[White "Frank, Jozsef"]
[Black "Jakab, Bela"]
[Result "1-0"]
[WhiteElo "2100"]
[BlackElo "1791"]
[PlyCount "95"]
[EventDate "2014.07.09"]
[EventType "swiss"]
[EventRounds "9"]
[EventCountry "HUN"]
[SourceTitle "EXT 2016"]
[Source "ChessBase"]
[SourceDate "2015.10.08"]
[SourceVersion "1"]
[SourceVersionDate "2015.10.08"]
[SourceQuality "1"]

1. e4 d5 2. exd5 Qxd5 3. Nc3 Qa5 4. d4 c6 5. h3 Bf5 6. Nf3 Nf6 7. Bc4 e6 8. 0-0 Be7 9. Bf4 Nbd7 10. a3 0-0 11. Re1 b5 12. Bb3 Rfd8 13. Qe2 Nf8 14. Rad1 Rac8 15. Nh4 Bg6 16. Nxg6 hxg6 17. Be5 a6 18. Ne4 Nxe4 19. Qxe4 c5 20. c3 c4 21. Bc2 Nd7 22. Bg3 Nf6 23. Qf3 Qb6 24. Qe2 Nd5 25. h4 Bxa3 26. bxa3 Nxc3 27. Qg4 Nxd1 28. Rxd1 Rd5 29. Be5 Qd8 30. h5 g5 31. Qe4 f5 32. Qe2 a5 33. h6 g6 34. Qf3 Qf8 35. Bg7 Qf7 36. Qc3 Ra8 37. a4 Qc7 38. axb5 Rxb5 39. Be5 Qe7 40. Qxc4 Rb4 41. Qc6 Rd8 42. Qa6 Rb2 43. Bd3 Kh7 44. Bg7 Qd6 45. Qxa5 Qf4 46. Rf1 Rc8 47. d5 e5 48. Qa7 1-0

[Event "Level op 2nd"]
[Site "Level"]
[Date "2014.03.30"]
[Round "7"]
[White "Halak, Miklos"]
[Black "Frank, Jozsef"]
[Result "1-0"]
[WhiteElo "2198"]
[BlackElo "2104"]
[PlyCount "81"]
[EventDate "2014.03.28"]
[EventType "swiss"]
[EventRounds "7"]
[EventCountry "HUN"]
[SourceTitle "EXT 2020"]
[Source "ChessBase"]
[SourceDate "2019.10.17"]
[SourceVersion "1"]
[SourceVersionDate "2019.10.17"]
[SourceQuality "1"]

1. d4 Nf6 2. Bf4 g6 3. e3 Bg7 4. h3 b6 5. Nf3 Bb7 6. Be2 d6 7. 0-0 0-0 8. Nbd2 Nbd7 9. c3 Ne4 10. Bh2 e5 11. a4 a5 12. Nc4 exd4 13. exd4 Re8 14. Ne3 Nf8 15. Re1 Ne6 16. Bb5 Rf8 17. Qc2 N6g5 18. Nxg5 Qxg5 19. f3 Nf6 20. f4 Qh4 21. Nf1 Nd5 22. Bg3 Qf6 23. Ne3 c5 24. dxc5 dxc5 25. Ng4 Qd8 26. Rad1 Qc8 27. Ne5 Nf6 28. Rd6 Nh5 29. Bh2 Bxe5 30. Rxe5 Ng7 31. Qd2 Nf5 32. Bd7 Qc7 33. Bxf5 gxf5 34. Rxf5 Rad8 35. Rff6 Qe7 36. Rh6 Rxd6 37. Rxd6 Re8 38. f5 f6 39. Re6 Qf8 40. Rxb6 Qg7 41. Bd6 1-0

[Event "Level op 2nd"]
[Site "Level"]
[Date "2014.03.29"]
[Round "3"]
[White "Banszegi, Attila"]
[Black "Frank, Jozsef"]
[Result "1/2-1/2"]
[WhiteElo "2097"]
[BlackElo "2104"]
[PlyCount "45"]
[EventDate "2014.03.28"]
[EventType "swiss"]
[EventRounds "7"]
[EventCountry "HUN"]
[SourceTitle "EXT 2020"]
[Source "ChessBase"]
[SourceDate "2019.10.17"]
[SourceVersion "1"]
[SourceVersionDate "2019.10.17"]
[SourceQuality "1"]

1. e4 e6 2. d4 d5 3. Nc3 dxe4 4. Nxe4 Nf6 5. Bg5 Be7 6. Bxf6 Bxf6 7. Nf3 Bd7 8. Bd3 Bc6 9. c3 Bxe4 10. Bxe4 c6 11. h4 Qb6 12. Qe2 Nd7 13. 0-0 0-0 14. Rad1 Rad8 15. Ng5 g6 16. Rd3 e5 17. Rg3 Bxg5 18. hxg5 exd4 19. Rh3 Nc5 20. Bb1 d3 21. Bxd3 Rxd3 22. Rxd3 Nxd3 23. Qxd3 1/2-1/2

[Event "Level op 2nd"]
[Site "Level"]
[Date "2014.03.29"]
[Round "4"]
[White "Frank, Jozsef"]
[Black "Teglas, Balazs"]
[Result "0-1"]
[WhiteElo "2104"]
[BlackElo "2185"]
[PlyCount "48"]
[EventDate "2014.03.28"]
[EventType "swiss"]
[EventRounds "7"]
[EventCountry "HUN"]
[SourceTitle "EXT 2020"]
[Source "ChessBase"]
[SourceDate "2019.10.17"]
[SourceVersion "1"]
[SourceVersionDate "2019.10.17"]
[SourceQuality "1"]

1. d4 d5 2. Nf3 c6 3. g3 Bf5 4. Bg2 e6 5. 0-0 h6 6. b3 Nf6 7. Bb2 Be7 8. Nbd2 0-0 9. c4 a5 10. a4 Na6 11. Ne5 Nb4 12. Bc3 Qc7 13. c5 Na6 14. Rc1 Rfc8 15. Qe1 b6 16. e4 Bh7 17. exd5 cxd5 18. c6 Qd6 19. Qe2 Nb8 20. Qb5 Nxc6 21. Qxb6 Rab8 22. Qa6 Nxd4 23. Qxd6 Ne2+ 24. Kh1 Bxd6 0-1

[Event "Level op 2nd"]
[Site "Level"]
[Date "2014.03.29"]
[Round "5"]
[White "Kurcsics, Mate"]
[Black "Frank, Jozsef"]
[Result "1/2-1/2"]
[WhiteElo "1910"]
[BlackElo "2104"]
[PlyCount "89"]
[EventDate "2014.03.28"]
[EventType "swiss"]
[EventRounds "7"]
[EventCountry "HUN"]
[SourceTitle "EXT 2020"]
[Source "ChessBase"]
[SourceDate "2019.10.17"]
[SourceVersion "1"]
[SourceVersionDate "2019.10.17"]
[SourceQuality "1"]

1. e4 c5 2. Nf3 e6 3. c3 d5 4. exd5 exd5 5. Bb5+ Bd7 6. Bxd7+ Nxd7 7. 0-0 Bd6 8. d4 Ne7 9. dxc5 Nxc5 10. Be3 0-0 11. Nbd2 Ne6 12. Nb3 a6 13. Nbd4 Nxd4 14. Bxd4 Bc7 15. Bc5 Bd6 16. Bxd6 Qxd6 17. Re1 Rfd8 18. Qb3 Rd7 19. Rad1 Qc7 20. Re2 g6 21. Ne5 Rd6 22. Ng4 Rc8 23. Red2 Rcd8 24. Ne3 Qc6 25. Rd4 b5 26. R1d2 Kf8 27. h3 Kg7 28. Qd1 Qc5 29. R2d3 Rf6 30. Ng4 Rfd6 31. Ne3 Rf6 32. Qd2 Rfd6 33. b3 Rc8 34. Nxd5 Nxd5 35. Rxd5 Rxd5 36. Rxd5 Qxc3 37. Qxc3+ Rxc3 38. Rd6 Rc1+ 39. Kh2 Rc2 40. Rxa6 Rxf2 41. Ra5 b4 42. Ra4 h5 43. Kg3 Rd2 44. Rxb4 Rxa2 45. Rb8 1/2-1/2